[Event "AJEC Gr05 email"]
[Site "France"]
[Date "2000.??.??"]
[Round "?"]
[White "Cavril, Stephane"]
[Black "Giraud, Roland"]
[Result "1-0"]
[WhiteElo "2272"]
[BlackElo "1850"]
[PlyCount "27"]
[EventDate "2000.03.20"]
[EventType "tourn (corr)"]
[EventRounds "10"]
[EventCountry "FRA"]
[SourceTitle "Corr 2004"]
[Source "ChessBase"]
[SourceDate "2003.04.28"]
[SourceVersion "3"]
[SourceVersionDate "2003.04.28"]
[SourceQuality "1"]

1. c4 e5 2. g3 d6 3. Nc3 g6 4. Bg2 Bg7 5. Nf3 Ne7 6. 0-0 0-0 7. d3 Nbc6 8. Bg5 Be6 9. Qd2 Bf5 10. Nd5 e4 11. Nf6+ Bxf6 12. Bxf6 exf3 13. Qh6 fxg2 14. Qg7# 1-0

[Event "AJEC Gr05 email"]
[Site "France"]
[Date "2000.??.??"]
[Round "?"]
[White "Galliot, Xavier"]
[Black "Giraud, Roland"]
[Result "1-0"]
[WhiteElo "2163"]
[BlackElo "1850"]
[PlyCount "29"]
[EventDate "2000.03.20"]
[EventType "tourn (corr)"]
[EventRounds "10"]
[EventCountry "FRA"]
[SourceTitle "Corr 2004"]
[Source "ChessBase"]
[SourceDate "2003.04.28"]
[SourceVersion "3"]
[SourceVersionDate "2003.04.28"]
[SourceQuality "1"]

1. h4 e5 2. e4 Bc5 3. Nf3 d6 4. d4 exd4 5. Nxd4 Bxd4 6. Qxd4 Qf6 7. Qc4 Nc6 8. Nc3 Nge7 9. Bg5 Qd4 10. Nb5 Qxb2 11. Nxc7+ Kd7 12. Rd1 Kxc7 13. Bxe7 d5 14. exd5 Re8 15. Be2 1-0

[Event "AJEC Gr05 email"]
[Site "France"]
[Date "2000.??.??"]
[Round "?"]
[White "Giraud, Roland"]
[Black "Lacassagne, Jean"]
[Result "1-0"]
[WhiteElo "1850"]
[BlackElo "1762"]
[PlyCount "39"]
[EventDate "2000.03.20"]
[EventType "tourn (corr)"]
[EventRounds "10"]
[EventCountry "FRA"]
[SourceTitle "Corr 2004"]
[Source "ChessBase"]
[SourceDate "2003.04.28"]
[SourceVersion "3"]
[SourceVersionDate "2003.04.28"]
[SourceQuality "1"]

1. e4 c5 2. b4 cxb4 3. d4 e6 4. Nf3 d5 5. e5 Ne7 6. a3 Nbc6 7. Bb5 Bd7 8. Bxc6 Nxc6 9. 0-0 Be7 10. c3 bxc3 11. Nxc3 0-0 12. Rb1 b6 13. Nb5 Na5 14. a4 Nc4 15. Nd2 Bc6 16. Nf3 f6 17. exf6 Bxf6 18. Nc3 Rc8 19. Re1 Qd6 20. Bg5 1-0

[Event "Aquitaine-ch corr"]
[Site "France"]
[Date "1999.??.??"]
[Round "?"]
[White "Giraud, Roland"]
[Black "Picard, Jean"]
[Result "0-1"]
[WhiteElo "1860"]
[BlackElo "2086"]
[PlyCount "38"]
[EventDate "1999.12.15"]
[EventType "tourn (corr)"]
[EventRounds "9"]
[EventCountry "FRA"]
[SourceTitle "Corr 2004"]
[Source "ChessBase"]
[SourceDate "2003.04.28"]
[SourceVersion "3"]
[SourceVersionDate "2003.04.28"]
[SourceQuality "1"]

1. e4 e5 2. Nf3 Nf6 3. Nxe5 d6 4. Nf3 Nxe4 5. d4 d5 6. Bd3 Be7 7. 0-0 0-0 8. c4 Nf6 9. Nc3 Nc6 10. Re1 Bg4 11. Nxd5 Nxd5 12. h3 Bxf3 13. Qxf3 Ndb4 14. a3 Nxd4 15. Qe4 Nxd3 16. Qxd3 c5 17. Qe4 Bd6 18. Be3 Re8 19. Qd3 Nf3+ 0-1

[Event "Aquitaine-ch corr"]
[Site "France"]
[Date "1999.??.??"]
[Round "?"]
[White "Teyssier, Alain"]
[Black "Giraud, Roland"]
[Result "1-0"]
[WhiteElo "2125"]
[BlackElo "1860"]
[PlyCount "33"]
[EventDate "1999.12.15"]
[EventType "tourn (corr)"]
[EventRounds "9"]
[EventCountry "FRA"]
[SourceTitle "Corr 2004"]
[Source "ChessBase"]
[SourceDate "2003.04.28"]
[SourceVersion "3"]
[SourceVersionDate "2003.04.28"]
[SourceQuality "1"]

1. d4 Nf6 2. Nf3 d5 3. Bg5 e6 4. Nbd2 Be7 5. e3 0-0 6. Bd3 c5 7. c3 c4 8. Bc2 Nc6 9. Ne5 Nxe5 10. dxe5 Nd7 11. Bf4 b5 12. h4 Bb7 13. Nf3 b4 14. Bxh7+ Kh8 15. Ng5 Bxg5 16. hxg5 g6 17. Bxg6+ 1-0